00615 a2200169 4500003000500000005001700005040000900022082001200031100003600043245009700079260003200176300001800208505016400226538002900390650001400419651001200433Nust20170207153228.0 cNust a621.382 aJan, Lt Cdr Mustafa (MSEE-10) aImplementation of bluetooth technology in temperature sensor / displaycLt Cdr Mustafa Jan  bMCS, NUSTc2006aRawalpindi axiii, 89, p.; aThesis introduction (page-1) Wireless link criteria (page-7) Bluetooth technology (page-) Wireless sensor network (page-29) WTS system implementation (page-60) aAlmirah No 69 Shelf No 1 aPG Thesis aMSEE-10